[Event "Avoine op 32nd"]
[Site "Avoine"]
[Date "2017.07.22"]
[Round "5"]
[White "Eugene, Floryan"]
[Black "Viers, Alexandre"]
[Result "1-0"]
[WhiteElo "2193"]
[BlackElo "1610"]
[PlyCount "47"]
[EventDate "2017.07.22"]
[EventType "swiss"]
[EventRounds "9"]
[EventCountry "FRA"]
[SourceTitle "CBM 179 Extra"]
[Source "ChessBase"]
[SourceDate "2017.08.23"]
[SourceVersion "1"]
[SourceVersionDate "2017.08.23"]
[SourceQuality "1"]

1. e4 d6 2. d4 g6 3. Nc3 Bg7 4. Be3 Nf6 5. h3 c6 6. g4 h5 7. g5 Nh7 8. f4 f6 9. gxf6 Nxf6 10. Nf3 d5 11. e5 Ne4 12. Nxe4 dxe4 13. Nh4 Bf5 14. Rg1 Kf7 15. Bc4+ e6 16. Nxf5 gxf5 17. Rg5 Rh6 18. Rxf5+ Ke7 19. Rxh5 Qh8 20. Rxh6 Qxh6 21. Qg4 Nd7 22. Ke2 Nf8 23. f5 Nh7 24. f6+ 1-0